| 000 | 00599nam a22002417a 4500 | ||
|---|---|---|---|
| 003 | UA-OsUOA | ||
| 001 | 31105 | ||
| 007 | ta | ||
| 008 | 20041202b un ||||| |||| 00| 0 ukr d | ||
| 100 | _aИнадзе М. П. | ||
| 090 |
_a94(394) _bИ57 |
||
| 942 | _cBK | ||
| 040 |
_aUA-OsUOA _brus _cUA-OsUOA _dUA-OsUOA |
||
| 245 | _aПричерноморские города Древней Колхидии | ||
| 300 | _a274 с. | ||
| 955 | _a0 | ||
| 041 | _arus | ||
| 080 | _a94(394) | ||
| 260 |
_aТбилиси _bМецниереба _c1968 |
||
| 044 | _aGE | ||
| 650 | 7 | _2UDC | |
| 999 |
_c317526 _d317526 |
||